000 01015nam a2200325Ia 4500
001 2123
003 IT-RoPAU
008 130308s9999 xx 000 0 und d
040 _aIT-RoPAU
040 _cIT-RoPAU
041 _aITALIANO
100 _aSafouan Moustapha
100 _gCodice Aut. SPICS: 1725
240 _aQU'EST-CE QUE LE STRUCTURALISME?-4-LE STRUCTURALISME EN PSYCHANALYSE
240 _gCodice Tit. Orig. Spics: 13085
245 _aDella struttura in psicoanalisi -Contributo a una teoria della mancanza
245 _bChe Cos'E' Lo Strutturalismo?-Linguistica, Poetica, Antropologia, Psicanalisi, Filosofia
250 _a2a ed.
260 _aMILANO
260 _bISEDI
260 _c1973 [1° Ed.:1971 - Ed.Ling.Originale:1968]
300 _a"70 p. (prefazione: no ; testo: 70 [pagine: 265-334])"
500 _aInconscio Castrazione
650 _aSAGGI DI LINGUISTICA
650 _eCodice materia Spics: 3207
942 _cBK
957 _71
999 _c39833
_d39833
999 _bSI
999 _g1